Автоматический размерный контроль на металлорежущих станках

Dettagli Bibliografici
Autore principale: Соболев М. П. Марк Павлович
Altri autori: Этингоф М. И. Михаил Иосифович
Riassunto:Рассмотрены вопросы разработки, конструирования, применения и нормирования метрологических характеристик приборов автоматического управления металлообработкой. Значительное внимание уделено методам и средствам испытаний и калибровки приборов. Даны описания только тех конструкций приборов, методов и приемов автоматического контроля, жизнеспособность которых подтверждена опытом их практического применения на современном производстве. Для конструкторов и технологов, разрабатывающих и применяющих металлорежущее оборудование и средства контроля размеров на станках, а также для работников ОТК и метрологических служб промышленных предприятий, студентов и аспирантов станкостроительных специальностей.
Lingua:russo
Pubblicazione: Смоленск, Ойкумена, 2005
Soggetti:
Natura: Libro
KOHA link:https://koha.lib.tpu.ru/cgi-bin/koha/opac-detail.pl?biblionumber=138225

MARC

LEADER 00000nam0a2200000 4500
001 138225
005 20231101220729.0
010 |a 5935200473 
035 |a (RuTPU)RU\TPU\book\149781 
090 |a 138225 
100 |a 20080522d2005 km y0rusy50 ca 
101 0 |a rus 
102 |a RU 
105 |a a z 001zy 
200 1 |a Автоматический размерный контроль на металлорежущих станках  |f М. П. Соболев, М. И. Этингоф 
210 |a Смоленск  |c Ойкумена  |d 2005 
215 |a 300 с.  |c ил. 
320 |a Список литературы: с. 299. 
330 |a Рассмотрены вопросы разработки, конструирования, применения и нормирования метрологических характеристик приборов автоматического управления металлообработкой. Значительное внимание уделено методам и средствам испытаний и калибровки приборов. Даны описания только тех конструкций приборов, методов и приемов автоматического контроля, жизнеспособность которых подтверждена опытом их практического применения на современном производстве. Для конструкторов и технологов, разрабатывающих и применяющих металлорежущее оборудование и средства контроля размеров на станках, а также для работников ОТК и метрологических служб промышленных предприятий, студентов и аспирантов станкостроительных специальностей. 
606 1 |a Металлорежущие станки  |x Размеры  |x Оптимизация  |x Техническое нормирование  |x Технический контроль автоматический  |2 stltpush  |3 (RuTPU)RU\TPU\subj\42644  |9 62303 
610 1 |a токарные станки 
610 1 |a автоматический размерный контроль 
610 1 |a погрешности 
610 1 |a измерительные преобразователи 
610 1 |a приборы 
610 1 |a конструкции 
610 1 |a элементы 
610 1 |a узлы 
610 1 |a шлифовальные станки 
610 1 |a хонинговальные станки 
610 1 |a алмазно-расточные станки 
610 1 |a токарные станки-автоматы 
610 1 |a большие размеры 
610 1 |a контроль 
610 1 |a испытания 
610 1 |a калибровка 
610 1 |a методы 
610 1 |a средства 
675 |a 621.9.06:658  |v 3 
700 1 |a Соболев  |b М. П.  |g Марк Павлович 
701 1 |a Этингоф  |b М. И.  |g Михаил Иосифович 
801 1 |a RU  |b 63413507  |c 20080522  |g PSBO 
801 2 |a RU  |b 63413507  |c 20140312  |g PSBO 
942 |c BK